<?xml version="1.0" encoding="UTF-8"?><?xml-stylesheet type="text/xsl" href="static/style.xsl"?><OAI-PMH xmlns="http://www.openarchives.org/OAI/2.0/" xmlns:xsi="http://www.w3.org/2001/XMLSchema-instance" xsi:schemaLocation="http://www.openarchives.org/OAI/2.0/ http://www.openarchives.org/OAI/2.0/OAI-PMH.xsd"><responseDate>2026-04-13T02:11:26Z</responseDate><request verb="GetRecord" identifier="oai:www.recercat.cat:10256/25274" metadataPrefix="marc">https://recercat.cat/oai/request</request><GetRecord><record><header><identifier>oai:recercat.cat:10256/25274</identifier><datestamp>2024-10-29T20:42:15Z</datestamp><setSpec>com_2072_452955</setSpec><setSpec>com_2072_2054</setSpec><setSpec>col_2072_453063</setSpec></header><metadata><record xmlns="http://www.loc.gov/MARC21/slim" xmlns:dcterms="http://purl.org/dc/terms/" xmlns:xsi="http://www.w3.org/2001/XMLSchema-instance" xmlns:doc="http://www.lyncode.com/xoai" xsi:schemaLocation="http://www.loc.gov/MARC21/slim http://www.loc.gov/standards/marcxml/schema/MARC21slim.xsd">
   <leader>00925njm 22002777a 4500</leader>
   <datafield ind2=" " ind1=" " tag="042">
      <subfield code="a">dc</subfield>
   </datafield>
   <datafield ind2=" " ind1=" " tag="720">
      <subfield code="a">Fort, Joaquim</subfield>
      <subfield code="e">author</subfield>
   </datafield>
   <datafield ind2=" " ind1=" " tag="720">
      <subfield code="a">Pérez Losada, Joaquim</subfield>
      <subfield code="e">author</subfield>
   </datafield>
   <datafield ind2=" " ind1=" " tag="260">
      <subfield code="c">2024-08-15</subfield>
   </datafield>
   <datafield ind2=" " ind1=" " tag="520">
      <subfield code="a">The Neolithic (i.e., farming and stockbreeding) spread from the Near East across Europe since about 9000 years before the common era (BCE) until about 4000 yr BCE. It followed two main routes, namely a sea route along the northern Mediterranean coast and an inland one across the Balkans and central Europe. It is known that the dispersive behavior of farmers depended on geography, with longer movements along the Mediterranean coast than along the inland route. In sharp contrast, here we show that for both routes the percentage of farmers who interbred with hunter-gatherers and/or acculturated one of them was strikingly the same (about 3.6%). Therefore, whereas the dispersive behavior depended on the proximity to the Mediterranean sea, the interaction behavior (incorporation of hunter-gatherers) did not depend on geographical constraints but only on the transition in the subsistence economy (from hunting and gathering to farming) and its associated way of life. These conclusions are reached by analyzing the clines of haplogroup K, which was virtually absent in hunter-gatherers and the most frequent mitochondrial haplogroup in early farmers. Similarly, the most frequent Y-chromosome Neolithic haplogroup (G2a) displays an inland cline that agrees with the percentage of interbreeding reported above</subfield>
   </datafield>
   <datafield ind1="8" ind2=" " tag="024">
      <subfield code="a">http://hdl.handle.net/10256/25274</subfield>
   </datafield>
   <datafield tag="653" ind2=" " ind1=" ">
      <subfield code="a">Neolític -- Models matemàtics</subfield>
   </datafield>
   <datafield tag="653" ind2=" " ind1=" ">
      <subfield code="a">Neolithic period -- Mathematical models</subfield>
   </datafield>
   <datafield tag="653" ind2=" " ind1=" ">
      <subfield code="a">Difusió cultural -- Models matemàtics</subfield>
   </datafield>
   <datafield tag="653" ind2=" " ind1=" ">
      <subfield code="a">Culture diffusion -- Mathematical models</subfield>
   </datafield>
   <datafield ind2="0" ind1="0" tag="245">
      <subfield code="a">Interbreeding between farmers and hunter-gatherers along the inland and Mediterranean routes of Neolithic spread in Europe</subfield>
   </datafield>
</record></metadata></record></GetRecord></OAI-PMH>